LEADER 00866nam0-22003131i-450- 001 990003244570403321 005 20001010 010 $a88-365-0291-1 035 $a000324457 035 $aFED01000324457 035 $a(Aleph)000324457FED01 035 $a000324457 100 $a20000920d1986----km-y0itay50------ba 101 0 $aita 105 $ay-------001yy 200 1 $aGUIDA RAPIDA D'ITALIA$eVeneto, Trentino-Alto Adige, Friuli-Venezia Giulia Emilia Romagna 210 $aMilano$cRocca$d1986 215 $app.311 610 0 $aGuide Italiane,Geografia Turistica 676 $a046.003 710 02$aTouring club italiano$05623 801 0$aIT$bUNINA$gRICA$2UNIMARC 901 $aBK 912 $a990003244570403321 952 $a046.003.GRI.01$b1704$fDECGE 959 $aDECGE 996 $aGUIDA RAPIDA D'ITALIA$9450095 997 $aUNINA DB $aING01 LEADER 01236nam0 22002891i 450 001 UON00419874 005 20231205104817.456 100 $a20130306d1972 |0itac50 ba 101 $ager 102 $aDE 105 $a|||| ||||| 200 1 $aˆDas ‰Geschichtsdenken des frühen Thomas Mann (1906-1918)$fWinfried Hellmann 210 $aTübingen$cMax Niemeyer Verlag$d1972 215 $a202 p.$d22 cm. 410 1$1001UON00174278$12001 $aStudien zur deutschen Literatur$1210 $aTübingen$cNiemeyer.$v31 606 $aLetteratura tedesca$xSec. 20.$xStudi$3UONC064833$2FI 606 $aMANN THOMAS$3UONC040204$2FI 620 $aDE$dTübingen$3UONL000208 676 $a830.09$cLetteratura tedesca. Storia, descrizione, studi critici$v21 700 1$aHELLMANN$bWinfried$3UONV113163$0199119 712 $aNiemayer, Max$3UONV278105$4650 801 $aIT$bSOL$c20251003$gRICA 899 $aSIBA - SISTEMA BIBLIOTECARIO DI ATENEO$2UONSI 912 $aUON00419874 950 $aSIBA - SISTEMA BIBLIOTECARIO DI ATENEO$dSI TED 25 II MAN HEL 1 $eSI ST 8095 5 1 $sBuono 996 $aGeschichtsdenken des frühen Thomas Mann (1906-1918$91339733 997 $aUNIOR